Normale Ansicht MARC-Ansicht ISBD

V rešajuščej vojne : (Titelsatznr. 34614)

[ MARC ]
MARC-Details
000 -Satzkennung
Kontrollfeld mit fester Länge 00638nam a22002171c 4500
001 - Kontrollnummer
Kontrollfeld a987679425
008 - Feld mit fester Länge zur physischen Beschreibung - Allgemeine Angaben
Kontrollfeld mit fester Länge 170307s1999 gw a||| 000u rus d
020 ## - Internationale Standardbuchnummer
Internationale Standardbuchnummer 5889770381
Verknüpfung 5-88977-038-1
041 ## - Sprachcode
Sprachcode des Textes/der Tonspur oder des separaten Titels rus
040 ## - Katalogisierungsquelle
Übertragungsstelle RU-10907106
003 - Kontrollnummer Identifier
Kontrollfeld RU-10907106
100 1# - Haupteintragung - Personenname
Personenname Abramovič, Aron L.
Koha-Normdatenidentnummer 12354
245 00 - Titel
Titel V rešajuščej vojne :
Zusatz zum Titel učastie i rol' evreev SSSR v vojne protiv nacizma /
Verfasserangabe etc. Aron Abramovič
264 ## - Produktion, Veröffentlichung, Distribution, Herstellung und Urheberrechtsvermerk
Herstellungs-, Veröffentlichungs- Vertriebs-, Erzeugungsort Sankt-Peterburg :
Produzent, Herausgeber, Distributor, Hersteller DEAN,
Datum der Herstellung, der Veröffentlichung, des Vertriebs oder des Urheberschutzvermerks 1999
300 ## - Physische Beschreibung
Umfang 746, [32] S. : Ill
546 ## - Fußnote zur Sprache
Sprache In kyrill. Schr., russ
650 #0 - Nebeneintragung unter einem Schlagwort - Sachschlagwort
Sachschlagwort oder geografischer Name als Eintragungselement Weltkrieg <1939-1945>
Koha-Normdatenidentnummer 8199
650 #0 - Nebeneintragung unter einem Schlagwort - Sachschlagwort
Sachschlagwort oder geografischer Name als Eintragungselement Juden
651 #0 - Nebeneintragung unter einem Schlagwort - Geografischer Name
Geografischer Name Sowjetunion
Koha-Normdatenidentnummer 127
942 ## - Zusätzliche Felder (Koha)
Koha-Medientyp Monographien
Exemplare
Ausgeschieden Verloren Klassifikation oder Aufstellungssystematik Beschädigt Nicht entleihbar Heimatbibliothek Aufenthaltsbibliothek Aufstellungsort Erwerbungsdatum Inventarnummer Signatur Barcode Letzte Aktivität Preis gültig von Koha-Medientyp
    Andere/Generische Klassifikation     MWN Osteuropa MWN Osteuropa Magazin - 2 07/03/2017 17-01060 Ersatzß R 63 o Juden 5 E004015078F6A7C5 23/02/2021 22/03/2021 Monographien